000 00576nam a2200217Ia 4500
003 OSt
005 20220926042417.0
006 a|||||r|||| 00| 0
007 ta
008 220923b |||||||| |||| 00| 0 eng d
037 _cGeneral Book
040 _aRTL
_cRTL
_beng
041 _2eng
_aeng
082 _aX90gY.55, J6
100 _aBraun Heinrich
_9346239
245 0 _aIndustrialisation and social policy in Germany
260 _c1956
650 _aEconomics-Industry
942 _hX90gY.55, J6
_cGB
_2CC
999 _c669666
_d669666